Do poslední pence československo-britská jednání o majetkoprávních a finančních otázkách 1938-1982
Gespeichert in:
| 1. Verfasser: | |
|---|---|
| Format: | Buch |
| Sprache: | Tschechisch |
| Veröffentlicht: |
Praha
Univerzita Karlova v Praze. Nakladatelství Karolinum
2007
|
| Schlagworte: | |
| Tags: |
Keine Tags, Fügen Sie das erste Tag hinzu!
|
MARC
| LEADER | 00000nam$a2200000$$$4500 | ||
|---|---|---|---|
| 001 | 0073955 | ||
| 005 | 20240311131205.7 | ||
| 020 | |a 978-80-246-1332-1 | ||
| 041 | 0 | |a cze | |
| 044 | |a CZ | ||
| 245 | 1 | 0 | |a Do poslední pence |b československo-britská jednání o majetkoprávních a finančních otázkách 1938-1982 |c Jan Kuklík |
| 264 | 1 | |a Praha |b Univerzita Karlova v Praze. Nakladatelství Karolinum |c 2007 | |
| 300 | |a 472 s. | ||
| 610 | 2 | 0 | |a reparácie |
| 610 | 2 | 0 | |a práva majetkové |
| 610 | 2 | 0 | |a dlhy |
| 610 | 2 | 0 | |a zadlženosť zahraničná |
| 610 | 2 | 0 | |a vzťahy medzinárodné |
| 610 | 2 | 0 | |a diplomacia |
| 610 | 2 | 0 | |a Veľká Británia |
| 610 | 2 | 0 | |a Československo |
| 100 | 1 | |a Kuklík, Jan | |